BTS Songs ins Deutsche übersetzt - Statistiken

Allgemein
  • Dieses Quiz wurde 4 mal gespielt
  • Das Durchschnittsergebnis liegt bei 11 aus 20
Antwortstatistiken
Deutsch Englisch % Korrekt
Beginnen Begin
100%
Junge mit Liebe Boy With Luv
100%
BTS Chiffre Teil 1 BTS Cypher Pt. 1
100%
Hühnernudelsuppe Chicken Noodle Soup
100%
Komm zu mir zurück Come back to me
100%
Aufputschmittel Dope
100%
Traumleuchten Dream Glow
100%
Sieb Filter
100%
Erste Liebe First Love
100%
Guter Tag Good Day
100%
Lüge Lie
100%
Wie Tiere Like Animals
100%
Lieb mich wieder Love Me Again
100%
Mach es richtig Make It Right
100%
Mondkind moonchild
100%
Nein N.O
100%
Nummer 29 No. 29
100%
An ON
100%
Outro: Flügel Outro: Wings
100%
Menschen People
100%
Menschen Teil 2 People Pt.2
100%
Regen Rain
100%
Sieben Seven
100%
Langsam tanzen Slow Dancing
100%
so weit weg so far away
100%
Bleib am Leben Stay Alive
100%
Super-Thunfisch Super Tuna
100%
Aufwachen Wake Up
100%
BTS Chiffre 4 BTS Cypher 4
50%
Liebe ist nicht vorbei (Langfassung) Love Is Not Over (Full Length Edition)
50%
Laufen Run
50%
Mädchen des 21. Jahrhunderts 21st Century Girl
0%
24/7=Himmel 24/7=Heaven
0%
Ein brandneuer Tag A Brand New Day
0%
Flugzeug Teil 2 Airplane Pt. 2
0%
Außerirdische Aliens
0%
Die ganze Nacht All Night
0%
Liege ich falsch Am I Wrong
0%
Antwort: Mich selbst lieben Answer: Love Myself
0%
Brandstiftung Arson
0%
Eine Zusatzgeschichte: Du gehst niemals allein A Supplementary Story: You Never Walk Alone
0%
Angriff auf Bangtan Attack on Bangtan
0%
Herbstblätter Autumn Leaves
0%
Wach Awake
0%
Sei mein Be Mine
0%
Das Beste von mir Best Of Me
0%
Schwarzer Schwan Black Swan
0%
Blut, Schweiß und Tränen Blood Sweat & Tears
0%
Blau & Grau Blue & Grey
0%
Körper an Körper Body to Body
0%
Geborener Sänger Born Singer
0%
Junge in Liebe Boy In Luv
0%
Jungs mit Spaß Boyz with Fun
0%
BTS Chiffre Teil 2: Triptychon BTS Cypher Pt 2: Triptych
0%
BTS Chiffre Teil 3: Mörder BTS Cypher Pt. 3: Killer
0%
Schmetterling Butterfly
0%
Näher Closer
0%
Näher als das Closer Than This
0%
Kaffee Coffee
0%
Komm nach Hause Come Back Home
0%
Könntest du dein Handy ausschalten Could You Turn Off Your Cell Phone
0%
Kristallschnee Crystal Snow
0%
Gefahr Danger
0%
Tagtraum Daydream
0%
Grübchen Dimple
0%
Verlass mich nicht Don't Leave Me
0%
Sag nicht, dass du mich liebst Don't Say You Love Me
0%
Träumer Dreamers
0%
Zündstoff Dynamite
0%
Beschämt Embarrassed
0%
Epilog: Für immer jung Epilogue: Young Forever
0%
Falsche Liebe FAKE LOVE
0%
Film aus Film out
0%
Feuer Fire
0%
Flieg in mein Zimmer Fly To My Room
0%
Für uns For Us
0%
Für dich For You
0%
Für Jugendliche For Youth
0%
Freunde Friends
0%
Gib es mir give it to me
0%
Los los Go Go
0%
Herzschlag Heartbeat
0%
Ihr Her
0%
Hip-Hop-Liebhaber Hip Hop Phile
0%
Halt mich fest Hold Me Tight
0%
heim HOME
0%
Rabauke Hooligan
0%
Kartenhaus (Langfassung) House Of Cards (Full Length Edition)
0%
Wenn ich die Welt regierte If I Ruled the World
0%
Mir geht es gut I'm Fine
0%
Ich brauche dich I Need U
0%
Inneres Kind Inner Child
0%
In die Sonne Into the Sun
0%
Springen Jump
0%
Nur ein Tag Just One Day
0%
Du rockst das, Mädchen Killin' It Girl
0%
Links und Rechts Left and Right
0%
Lass los Let Go
0%
Lass es mich wissen Let Me Know
0%
Leben geht weiter Life Goes On
0%
Lichter Lights
0%
Wie Like
0%
Wie verrückt Like Crazy
0%
Einsam Lonely
0%
Schau hier Look Here
0%
Verloren Lost
0%
Lauter als Bomben Louder than bombs
0%
Liebeslabyrinth Love Maze
0%
Meine Stadt Ma City
0%
Zauberladen Magic Shop
0%
Karussell Merry Go Round
0%
Mikrofonfall MIC Drop
0%
Die Richtige Miss Right
0%
Mond Moon
0%
mehr MORE
0%
Weiterziehen Moving On
0%
Meine Zeit My Time
0%
Mein Universum My Universe
0%
Kein Traum mehr No More Dream
0%
Nichts ohne deine Liebe Nothing Without Your Love
0%
Nicht Heute Not Today
0%
Noch eine Nacht One More Night
0%
Paradies Paradise
0%
Erlaubnis zum Tanzen Permission to Dance
0%
Rattenfänger Pied Piper
0%
Bitte Please
0%
Bitte verändere dich nicht Please Don't Change
0%
Regentage Rainy Days
0%
Spiegelung Reflection
0%
Lauf BTS Run BTS
0%
Wildes Laufen Running Wild
0%
Rette mich Save Me
0%
Glücklicher Zufall (Langfassung) Serendipity (Full Length Edition)
0%
Befrei mich Teil 2 Set Me Free Pt.2
0%
Silberlöffel Silver Spoon
0%
Eigenartigkeit Singularity
0%
Schlummern Snooze
0%
Jemand Somebody
0%
Na und So What
0%
Rückgratbrecher Spine Breaker
0%
Frühlingstag Spring Day
0%
Bleiben Stay
0%
Bleib golden Stay Gold
0%
Immer noch bei dir Still With You
0%
Süße Nacht Sweet Night
0%
Schwimmen SWIM
0%
Nimm zwei Take Two
0%
Träne Tear
0%
Telepathie Telepathy
0%
Das Das That That
0%
Der Astronaut The Astronaut
0%
Der Planet The Planet
0%
Die Sterne The Stars
0%
Die ungesagte Wahrheit The Truth Untold
0%
Sie wissen nichts über uns they don't know 'bout us
0%
Morgen Tomorrow
0%
PFUI! UGH!
0%
Krieg der Hormone War of Hormone
0%
Wir sind kugelsicher Teil 2 We Are Bulletproof Pt. 2
0%
Wir sind kugelsicher : Die Ewigen We are Bulletproof : the Eternal
0%
Wir sind am Start We On
0%
Woher bist du Where You From
0%
Wer Who
0%
Wildblume Wild Flower
0%
Sich etwas bei einem Stern wünschen Wishing On A Star
0%
Ja oder Nein Yes or No
0%
Noch ausstehend Yet To Come
0%
Deine Augen verraten es Your eyes tell
0%
Null Uhr Zero O'Clock
0%
Keine übereinstimmenden Quizze gefunden
Verteilung der Resultate
Anzahl Personen mit jedem Resultat
Perzentil nach korrekt beantworteten Fragen
Ihre Resultats-Entwicklung
Sie haben dieses Quiz noch nicht gespielt